Online
Catalog

Semblanza de Walt Whitman. / (Record no. 19898)

MARC details
000 -CABECERA
campo de control de longitud fija 00407nam a2200145 u 4500
001 - NÚMERO DE CONTROL
campo de control 000020394
005 - FECHA Y HORA DE LA ÚLTIMA TRANSACCIÓN
campo de control 20200929170410.0
008 - DATOS DE LONGITUD FIJA--INFORMACIÓN GENERAL
campo de control de longitud fija 100813s1970 000 0 spa d
040 ## - FUENTE DE LA CATALOGACIÓN
Centro catalogador/agencia de origen DO-SdBNP
Lengua de catalogación spa
Centro/agencia transcriptor BNPHU
082 ## - NÚMERO DE LA CLASIFICACIÓN DECIMAL DEWEY
Número de clasificación xxx
Número de documento/Ítem xxxx
100 1# - ENTRADA PRINCIPAL--NOMBRE DE PERSONA
Nombre de persona Miller, James E.
9 (RLIN) 43057
245 10 - MENCIÓN DE TÍTULO
Título Semblanza de Walt Whitman. /
Mención de responsabilidad, etc. James E. Miller.
260 ## - PUBLICACIÓN, DISTRIBUCIÓN, ETC.
Lugar de publicación, distribución, etc. Argentina, :
Nombre del editor, distribuidor, etc. Pax Mexico,
Fecha de publicación, distribución, etc. 1970.
300 ## - DESCRIPCIÓN FÍSICA
Extensión 211 p. ;
Dimensiones 27 cm.
Holdings
Estado de retiro Estado de pérdida Restricciones de uso No para préstamo Código de colección Localización permanente Ubicación/localización actual Ubicación en estantería Fecha de adquisición Número de inventario Total de préstamos Signatura topográfica completa Código de barras Fecha visto por última vez Precio válido a partir de Tipo de ítem Koha
        Monografías: Libros y Folletos General General Orden iniciada 22.05.2017 LF1   xxx xxxx 20394-10 25.06.2020 25.06.2020 No se presta

Powered by Koha